Конспект лекций по курсу "Счетно-решающая автоматика" : (Record no. 462082)
[ view plain ]
| 000 -LEADER | |
|---|---|
| fixed length control field | 01525nam-a2200229-a-4500 |
| 001 - CONTROL NUMBER | |
| control field | YSU0090201 |
| 003 - CONTROL NUMBER IDENTIFIER | |
| control field | AM-YEHGA |
| 005 - DATE AND TIME OF LATEST TRANSACTION | |
| control field | 20250617160911.0 |
| 008 - FIXED-LENGTH DATA ELEMENTS--GENERAL INFORMATION | |
| fixed length control field | 000322s1961 xxu 000 0 rus u |
| 020 ## - INTERNATIONAL STANDARD BOOK NUMBER | |
| Terms of availability | 00.45 |
| 040 ## - CATALOGING SOURCE | |
| Original cataloging agency | AM-YeHGA |
| 090 ## - LOCALLY ASSIGNED LC-TYPE CALL NUMBER (OCLC); LOCAL CALL NUMBER (RLIN) | |
| -- | 465256 |
| 100 10 - MAIN ENTRY--PERSONAL NAME | |
| Personal name | Жданов, Григорий Митрофанович |
| 245 10 - TITLE STATEMENT | |
| Title | Конспект лекций по курсу "Счетно-решающая автоматика" : |
| Remainder of title | (Алгебраические и трансцендентные) : Учебное пособие / |
| Statement of responsibility, etc. | Г.М. Жданов ; Ред. И.М. Тетельбаум ; М-во высш. и сред. спец. образования РСФСР. Московский энергетический ин-т |
| 260 ## - PUBLICATION, DISTRIBUTION, ETC. | |
| Place of publication, distribution, etc. | Москва : |
| Name of publisher, distributor, etc. | МЭИ . |
| Date of publication, distribution, etc. | |
| 300 ## - PHYSICAL DESCRIPTION | |
| Extent | выпуск |
| 505 10 - FORMATTED CONTENTS NOTE | |
| Miscellaneous information | Вып. 1 (1953, 144 с., 1 л. табл. : ил., табл.): |
| Title | Функциональные преобразователи |
| Miscellaneous information | Вып. 2 (1954, 76 с. : схем. ): |
| Title | Интегро-дифференцирующие устройства |
| Miscellaneous information | Вып. 3 (1954, 103 с., 4 л. ил. : ил., черт. ): |
| Title | Суммирующие и множительно-длительные устройства |
| Miscellaneous information | Вып. 4 (1961, 180 с.): |
| Title | Вычислительные машины и приборы непрерывного действия |
| 650 #4 - SUBJECT ADDED ENTRY--TOPICAL TERM | |
| Topical term or geographic name entry element | Автоматика |
| 700 1# - ADDED ENTRY--PERSONAL NAME | |
| Personal name | Тетельбаум, И.М. |
| 710 2# - ADDED ENTRY--CORPORATE NAME | |
| Corporate name or jurisdiction name as entry element | Московский энергетический ин-т |
| 942 ## - ADDED ENTRY ELEMENTS (KOHA) | |
| Source of classification or shelving scheme | Universal Decimal Classification |
| Koha item type | Գրքեր / Books |
| Withdrawn status | Lost status | Damaged status | Not for loan | Collection | Home library | Current library | Date acquired | Serial enumeration / chronology | Total checkouts | Full call number | Barcode | Date last seen | Price effective from | Koha item type | Public note |
|---|---|---|---|---|---|---|---|---|---|---|---|---|---|---|---|
| General | Fundamental Scientific Library | Fundamental Scientific Library | 30/04/2021 | Вып. 4 | РII/49413 | FL0644981 | 30/04/2021 | 30/04/2021 | Գրքեր / Books | 30 Days Loan |
ՀՀ Գիտությունների ազգային ակադեմիայի հիմնարար գիտական գրադարան = Fundamental Scientific Library of NAS RA
All site content, except where otherwise noted, is licensed under a